Tiesto Charting Songs (Billboard Hot 100) - Statistics

General Stats
  • This quiz has been taken 33 times
    10 since last reset
  • The average score is 4 of 8
Answer Stats
Album Weeks On Peak Artist(s) Song % Correct
Drive 16 Weeks #42 Tiesto & Ava Max The Motto
100%
Drive 9 Weeks #69 Tiesto ft. Tate McRae 10:35
60%
The London Sessions 19 Weeks #52 Tiesto & Dzeko ft. Preme & Post Malone Jackie Chan
60%
Drive 14 Weeks #69 Tiesto The Business
50%
A Town Called Paradise 13 Weeks #56 Tiesto Red Lights
40%
A Town Called Paradise 12 Weeks #49 Tiesto ft. Matthew Koma Wasted
40%
Non-Album Single 4 Weeks #61 Karol G & Tiesto CONTIGO
30%
Non-Album Single 2 Weeks #78 Three 6 Mafia vs. Tiesto with Sean Kingston & Flo Rida Feel It
20%
No matching quizzes found
Score Distribution
Percent of People with Each Score
Percentile by Number Answered
Your Score History
You have not taken this quiz since the last reset